U.S. States with the Most Colleges - Statistics

General Stats
  • This quiz has been taken 136 times
  • The average score is 13 of 15
Answer Stats
# State % Correct
288 New York
100%
410 California
99%
225 Texas
99%
162 Florida
97%
186 Pennsylvania
94%
105 Virginia
94%
134 North Carolina
93%
147 Illinois
91%
107 Georgia
90%
156 Ohio
89%
106 Massachusetts
87%
86 Michigan
87%
83 Tennessee
79%
83 Minnesota
76%
92 Missouri
73%
No matching quizzes found
Score Distribution
Percent of People with Each Score
Percentile by Number Answered
Your Score History
You have not taken this quiz